| 000 | 01172nam a2200313 i 4500 | ||
|---|---|---|---|
| 001 | 13277 | ||
| 003 | KOSZ 005 | ||
| 005 | 20190823130557.0 | ||
| 008 | 071101s1970 pl a f f 000 0 pol | ||
| 015 | _aPB 1971/563 | ||
| 040 |
_aWA N _cWA N _dKOSZ 005/RW |
||
| 080 | _a658.56:62 | ||
| 245 | 0 | 0 |
_aOrganizacyjne i ekonomiczne aspekty sterowania jakością : _bpraca zbiorowa / _credakcja Krystyna Cholewicka-Goździk. |
| 260 |
_aWarszawa : _bPaństwowe Wydawnictwo Ekonomiczne, _c1970. |
||
| 300 |
_a274, [2] strony : _bilustracje ; _c18 cm. |
||
| 336 |
_aTekst _btxt _2rdacontent |
||
| 337 |
_aBez urządzenia pośredniczacego _bn _2rdamedia |
||
| 338 |
_aWolumin _bnc _2rdacarrier |
||
| 380 | _aKsiążki. | ||
| 504 | _aBibliografia na stronach 272-273. | ||
| 658 | _aGospodarka, ekonomia, finanse | ||
| 650 | 4 | _aOrganizacja | |
| 650 | 4 | _aEkonomika | |
| 650 | 4 | _aJakość produktu | |
| 700 | 1 |
_aCholewicka-Goździk, Krystyna. _eRedakcja |
|
| 710 | 2 |
_aPaństwowe Wydawnictwo Ekonomiczne _4pbl. |
|
| 856 |
_uhttp://koha.tu.koszalin.pl/cgi-bin/koha/opac-detail.pl?biblionumber=13277 _yKatalog online BPK |
||
| 942 |
_2UKD _cKS |
||
| 999 |
_c13277 _d13277 |
||